Normal view
MARC view
Entry Personal Name
001 - CONTROL NUMBER
- control field: 1144828
003 - CONTROL NUMBER IDENTIFIER
- control field: OSt
005 - DATE AND TIME OF LATEST TRANSACTION
- control field: 20260324112944.0
008 - FIXED-LENGTH DATA ELEMENTS
- fixed length control field: 260324|| aca||aabn | a|a d
040 ## - CATALOGING SOURCE
- Original cataloging agency: OSt
- Transcribing agency: OSt
100 ## - HEADING--PERSONAL NAME
- Personal name: Kate Mastruserio Reynolds; Khanh-Duc Kuttig
670 ## - SOURCE DATA FOUND
- Source citation: Work cat.: (OSt)1734227: Kate Mastruserio Reynolds; Khanh-Duc Kuttig, K-12 Classroom Research in Language Teaching and Learning
